Exercises in plant physiology
Exercises intended for use in a one or two term course in introductory plant physiology. Exercises vary in content and complexity and present a broad spectrum of basic physiological concepts and techniques.
Đã lưu trong:
| 主要作者: | |
|---|---|
| 格式: | 圖書 |
| 語言: | Undetermined |
| 出版: |
Boston
Prindle, Weber & Schmidt
1986
|
| 主題: | |
| 標簽: |
添加標簽
沒有標簽, 成為第一個標記此記錄!
|
| Thư viện lưu trữ: | Trung tâm Học liệu Trường Đại học Cần Thơ |
|---|
| LEADER | 00853nam a2200205Ia 4500 | ||
|---|---|---|---|
| 001 | CTU_186087 | ||
| 008 | 210402s9999 xx 000 0 und d | ||
| 082 | |a 581.1078 | ||
| 082 | |b W822 | ||
| 100 | |a Witham, Francis H. | ||
| 245 | 0 | |a Exercises in plant physiology | |
| 245 | 0 | |c Francis H. Witham, David F. Blaydes, Robert M. Devlin | |
| 260 | |a Boston | ||
| 260 | |b Prindle, Weber & Schmidt | ||
| 260 | |c 1986 | ||
| 520 | |a Exercises intended for use in a one or two term course in introductory plant physiology. Exercises vary in content and complexity and present a broad spectrum of basic physiological concepts and techniques. | ||
| 650 | |a Plant physiology,Sinh lý học thực vật | ||
| 650 | |x Laboratory manuals,Tài liệu phòng thí nghiệm | ||
| 910 | |a Hải | ||
| 980 | |a Trung tâm Học liệu Trường Đại học Cần Thơ | ||